| 000 | 02134cam a22004814a 4500 | ||
|---|---|---|---|
| 001 | 16181577 | ||
| 003 | OSt | ||
| 005 | 20150408114019.0 | ||
| 008 | 100407s2010 cau b 001 0 eng | ||
| 010 | _a 2010014928 | ||
| 016 | 7 |
_a101528195 _2DNLM |
|
| 020 | _a9780313377600 (hard copy : alk. paper) | ||
| 020 | _a031337760X (hard copy : alk. paper) | ||
| 020 | _a9780313377853 (pbk. : alk. paper) | ||
| 020 | _a0313377855 (pbk. : alk. paper) | ||
| 020 | _a9780313377617 (eISBN) | ||
| 020 | _a0313377618 (eISBN) | ||
| 035 | _a(OCoLC)ocn607465554 | ||
| 040 |
_aDNLM/DLC _cDLC _dYDX _dBTCTA _dNLM _dYDXCP _dCDX _dBWX _dSTF _dDLC |
||
| 042 | _apcc | ||
| 043 | _an-us--- | ||
| 050 | 0 | 0 |
_aGN296 _b.L68 2010 |
| 060 | 1 | 0 |
_aW 21 _bS677c 2010 |
| 082 | 0 | 0 |
_a306.461 _222 |
| 100 | 1 |
_aSobo, Elisa Janine, _d1963- _911061 |
|
| 245 | 1 | 4 |
_aThe cultural context of health, illness, and medicine / _cElisa J. Sobo and Martha O. Loustaunau. |
| 250 | _a2nd ed. | ||
| 260 |
_aSanta Barbara, Calif. : _bPraeger, _cc2010. |
||
| 300 |
_axviii, 268 p. ; _c24 cm. |
||
| 500 | _aMartha Loustaunau is first named author on previous edition. | ||
| 504 | _aIncludes bibliographical references (p. [227]-254) and index. | ||
| 505 | 0 | _aThe concept of culture -- The health-related consequences of social structure -- Health and illness over the life course -- Therapeutic modalities : a cross-cultural perspective -- Biomedicine : emergence and evolution in cultural context -- Reforming medicine -- Developing cultural sensitivity -- Putting ideas into practice : complex contemporary challenges. | |
| 650 | 0 |
_aMedical anthropology. _911062 |
|
| 650 | 0 |
_aSocial medicine. _910163 |
|
| 650 | 1 | 2 |
_aCultural Competency _zUnited States. _911063 |
| 650 | 2 | 2 |
_aAnthropology _zUnited States. _911064 |
| 650 | 2 | 2 |
_aAttitude to Health _xethnology _zUnited States. _911065 |
| 650 | 2 | 2 |
_aCultural Diversity _zUnited States. _911066 |
| 650 | 2 | 2 |
_aDelivery of Health Care _zUnited States. _911067 |
| 700 | 1 |
_aLoustaunau, Martha O., _d1938- _911068 |
|
| 942 |
_2ddc _cBOOK |
||
| 999 |
_c21888 _d256388 |
||